| 000 | 00722nam a22001935i 4500 | ||
|---|---|---|---|
| 001 | 158035 | ||
| 003 | ES-MaACL | ||
| 005 | 20250823112405.0 | ||
| 008 | 040826s1888 sp |||| | spa d | ||
| 040 |
_aCAM _bspa _cCAM |
||
| 100 | 1 |
_aLópez Giménez, Miguel. _9222891 |
|
| 245 | 1 | 0 |
_a¡Tú pagas! _b: juguete cómico en un acto y en verso / _coriginal de Miguel López Giménez. |
| 260 |
_aAlbuñol : _b[s.n.], _c1888 ( _fImp. de Juan López García) |
||
| 300 |
_a43 p. ; _c20 cm. |
||
| 650 | 0 |
_aTeatro- _yS.XIX _9234197 |
|
| 752 |
_aEspaña - _cGranada - _dAlbuñol |
||
| 852 |
_aES-MaACL _jL-4901(8-4) _z-- Enc. hol. _q-- Falto de la cub. original _z-- Enc. en un vol. facticio |
||
| 999 |
_c158035 _d158035 |
||